000 004900000a22001930004500
001 002546
003 MACL
005 20150730175546.0
008 150730b xxu||||| |||| 00| 0 eng d
040 _aMACL
_cMACL
041 _aEnglish
082 _a350/AMB
100 _aAmbedkar, S.N.
_93621
245 _aWomen Empowerment and Panchayat Raj
_cS.N. Ambedkar
260 _aDelhi
_c2005
_bABD Publishers,
350 _a500
650 _aPublic Administration
_93622
942 _k350
_cBK
_2ddc
999 _c14456
_d14456